000 00581nam a22002057a 4500
003 OSt
005 20251202132416.0
008 251202b |||||||| |||| 00| 0 eng d
020 _a 971-8740-69-8.
040 _aDWCL-Admin lib
_cOC
082 _aFil. 512 Al386m 2007
100 _aDuro, Cecilia A.
245 _a MSA elementary algebra /
_cCecilia A. Duro
260 _a Quezon City :
_bMSA Pub. House,
_cc2007
300 _a 352 p. :
_bill. ;
_c28 cm.
504 _aIncludes index.
650 _a1. Algebra
700 _aAlferez, Merle S.
942 _2ddc
_cBK - FIL
_kFil.
_n0
999 _c6712
_d6712